Niall Horan - If You Leave Me (All Lyrics) - Statistics

General Stats
  • This quiz has been taken 58 times
  • The average score is 204 of 258
Answer Stats
Answer % Correct
I
100%
If
100%
me
100%
you
100%
You
100%
leave
97%
a
94%
in
91%
ever
84%
ever,
84%
Oh,
84%
be
81%
My
81%
my
81%
on
81%
to
81%
who
81%
Don't
78%
don't
78%
go
78%
know
78%
might
78%
think
78%
your
78%
and
75%
at
75%
dream
75%
it
75%
just
75%
Just
75%
knees
75%
life
75%
life?
75%
Met
75%
that
75%
the
75%
where
75%
Yeah
75%
lose
72%
up
72%
gone
69%
heart
69%
you're
69%
completely
66%
want
66%
were
66%
would
66%
face
63%
I'm
63%
Moonlight
63%
street
63%
around
59%
daze
59%
Have
59%
Hope
59%
racing
59%
thought
59%
too
59%
Turned
59%
wanna
59%
was
59%
Chased
56%
morning
56%
night
56%
stay
56%
through
56%
Woke
56%
for
53%
other
53%
promise
53%
sentencing
53%
so
53%
Tell
53%
Waking
53%
any
50%
deep
50%
not
50%
sea
50%
Swimming
50%
way
50%
with
50%
change
47%
close
47%
of
47%
rest
47%
sleep
47%
this
47%
you'll
47%
Can't
44%
here
44%
Going
41%
these
38%
feelings
34%
foreign
28%
they
28%
But
25%
completley
3%
No matching quizzes found
Score Distribution
Percent of People with Each Score
Percentile by Number Answered
Your Score History
You have not taken this quiz